000 00331nam a2200145Ia 4500
100 _aMarajhe/ S.
650 _aElectrical Engineering
942 _cBK
654 _acircuits
245 _aunderstanding commercial radio circuits
260 _bS.Marathe
_aBombay
_c1981
082 _a621.384
300 _a130
546 _aENGLISH
999 _c33641
_d33641